LEADER 01866nam0 2200421 i 450 001 VAN00103913 005 20240806100724.584 017 70$2N$a978-3-319-08843-3 100 $a20151130d2014 |0itac50 ba 101 $aeng 102 $aCH 105 $a|||| ||||| 200 1 $aMultistage stochastic optimization$fGeorg Ch. Pflug, Alois Pichler 210 $aCham$cSpringer$d2014 215 $aXIV, 301 p.$cill.$d24 cm 410 1$1001VAN00049474$12001 $aSpringer series in operations research$1210 $aBerlin [etc.]$cSpringer$d1987- 500 1$3VAN00241049$aMultistage stochastic optimization$91409830 606 $a90B50$xManagement decision making, including multiple objectives [MSC 2020]$3VANC025286$2MF 606 $a90C15$xStochastic programming [MSC 2020]$3VANC021355$2MF 606 $a90C90$xApplications of mathematical programming [MSC 2020]$3VANC019710$2MF 610 $aDistributionally robust decisions$9KW:K 610 $aModel ambiguity$9KW:K 610 $aMultistage decisions$9KW:K 610 $aScenario generation$9KW:K 610 $aStochastic Optimization$9KW:K 610 $aWasserstein and nested distances$9KW:K 620 $aCH$dCham$3VANL001889 700 1$aPflug$bGeorg Ch.$3VANV081001$0721262 701 1$aPichler$bAlois$3VANV081002$0721261 712 $aSpringer $3VANV108073$4650 801 $aIT$bSOL$c20240906$gRICA 856 4 $uhttp://dx.doi.org/10.1007/978-3-319-08843-3$zE-book ? Accesso al full-text attraverso riconoscimento IP di Ateneo, proxy e/o Shibboleth 899 $aBIBLIOTECA CENTRO DI SERVIZIO SBA$2VAN15 912 $fN 912 $aVAN00103913 950 $aBIBLIOTECA CENTRO DI SERVIZIO SBA$d15CONS SBA EBOOK 4524 $e15EB 4524 20191106 996 $aMultistage stochastic optimization$91409830 997 $aUNICAMPANIA LEADER 01065nam0 2200265 i 450 001 VAN00071865 005 20240806100554.838 010 $a978-90-7729-747-6 100 $a20091013d2008 |0itac50 ba 101 $afre 102 $aBE 105 $a|||| ||||| 200 1 $aˆLes ‰principaux trésors monétaires romains$e(3. siècle avant J.-C - 5. siècle après J.-C. / Georges Depeyrot 210 $aWetteren$cMoneta$d2008 215 $a144 p.$d30 cm. 410 1$1001VAN00071864$12001 $aMoneta$1210 $aWetteren$cMoneta.$v79 620 $dWetteren$3VANL001382 700 1$aDepeyrot$bGeorges$3VANV056764$0140674 712 $aMoneta$3VANV113020$4650 801 $aIT$bSOL$c20240906$gRICA 899 $aBIBLIOTECA DEL DIPARTIMENTO DI LETTERE E BENI CULTURALI$1IT-CE0103$2VAN07 912 $aVAN00071865 950 $aBIBLIOTECA DEL DIPARTIMENTO DI LETTERE E BENI CULTURALI$d07CONS Wa 545 $e07 19135 20091013 996 $aPrincipaux trésors monétaires romains$91414751 997 $aUNICAMPANIA